|
|
|
|
| LEADER |
01273nam a22002897a 4500 |
| 001 |
38768 |
| 003 |
BD-DhAAL |
| 008 |
220612t2016 bg ||||| |||| 00| 0 ben d |
| 999 |
|
|
|c 44368
|d 44368
|
| 020 |
|
|
|a 9789843407092
|
| 040 |
|
|
|a BD-DhAAL
|c BD-DhAAL
|
| 041 |
|
|
|a ben
|
| 082 |
|
|
|a 338.0924
|
| 100 |
|
|
|a ক্লিং, ব্লেয়ার বি.
|9 49213
|
| 245 |
|
|
|a পার্টনার ইন এম্পায়ার /
|c ব্লেয়ার বি. ক্লিং ; অনুবাদক সাঈদ হাসান
|
| 246 |
|
|
|a Partner in Empire
|
| 246 |
|
|
|a A transcreation of Blair B. Kling's partner in Empire
|
| 300 |
|
|
|a ১৫২ পৃষ্ঠা ;
|c ১৯ সে.মি.
|
| 541 |
|
|
|a Donated By Akbar Ali Khan
|e 38768
|
| 600 |
|
|
|a Tagore, Dwarkanath,
|d 1794-1846.
|9 49214
|
| 650 |
|
|
|a Businesspeople
|z Bengal
|x Biography.
|9 49215
|
| 650 |
|
|
|a Entrepreneurship.
|9 49216
|
| 651 |
|
|
|a Bengal (India)
|x Economic conditions.
|9 49217
|
| 700 |
|
|
|a হাসান, সাঈদ
|9 49218
|
| 852 |
|
|
|a Ayesha Abed Library
|c Akbar Ali Khan Collection
|
| 942 |
|
|
|2 ddc
|c BK
|
| 952 |
|
|
|0 0
|1 0
|2 ddc
|4 0
|6 338_092400000000000_KLI
|7 1
|9 70874
|a BRACUL
|b BRACUL
|c AAKC
|d 2022-06-12
|e Donated by Akbar Ali Khan
|l 0
|o 338.0924 KLI
|p 3010038768
|r 2022-06-12
|t 1
|w 2022-06-12
|y BK
|